| 000 | 00718nam a2200193Ia 4500 | ||
|---|---|---|---|
| 003 | GCL | ||
| 008 | 140319s9999 xx 000 0 ara d | ||
| 040 |
_aGCL / _cGCL |
||
| 082 | 0 | 4 |
_a415.1 _bص ف |
| 100 | 1 | _aصبرى ابراهيم السيد | |
| 245 | 1 | 0 |
_aفصل المقال فى اعراب السبع الطوال. مستخرج من التفسير الكبير المسمى بالبحر المحيط لابى حيان الاندلسى / _cصبرى ابراهيم السيد |
| 260 |
_a[S.N] : _bدار المعرفة الجامعية ، _c1989 |
||
| 300 | _a419 ص | ||
| 490 | _a | ||
| 650 | 0 | 4 | _aالنحو |
| 650 | 0 | 4 | _aاللغة العربية - النحو |
| 650 | 0 | 4 | _aالقران |
| 942 |
_2ddc _cBK |
||
| 999 |
_c40090 _d40090 |
||